000 00419pab a2200157 454500
008 180718b2015 xxu||||| |||| 00| 0 eng d
100 _aPatel, Jayantibhai V.
245 _aInclusive education in India: Interpretation, implementation and issues
260 _c2015
300 _ap.20-25.
362 _a23 Mar
650 _aEducation - India
650 _aEducation
773 _aUniversity News
909 _a107511
999 _c107506
_d107506